TV Shows in 8 Words Quiz Stats

Quiz Updated Jun 15, 2018

Challenge
Share
Tweet
Embed
Score 0/26 Timer 07:00
3 Plays Today
Description TV Show % Correct
Yellow family lives in Springfield; 'D'oh,' moans Dad.The Simpsons
90.7%
Castaways in wilderness compete for one million dollars.Survivor
85.2%
Talent show produced country superstar in Season Four.American Idol
84.6%
Deserted castaways avoid smoke monster . . . is this limbo?LOST
80.9%
Brilliant diagnostician berates team, shows poor bedside manner.House
80.6%
Underdog show choir strives for Nationals, endures Sue.Glee
79.9%
Overweight father fights chicken; baby has British accent.Family Guy
79.6%
The kid in the orange hood always dies.South Park
79.5%
Namesake bar patrons include mailman, accountant, and psychiatrist.Cheers
78.9%
Literally takes whole season to describe one day.24
78.6%
Patient kids listen to dad's long-winded love story.How I Met Your Mother
75.9%
Babies cause mischief, then become 'all growed up.'Rugrats
73.1%
New Jersey mobster balances home and Mafia life.The Sopranos
72.8%
Description TV Show % Correct
Paleontologist and masseuse are among New York pals.Friends
72.4%
Girl battles blood-sucking creatures and is resurrected.Buffy the Vampire Slayer
71.4%
A show about nothing ends with imprisoned friends.Seinfeld
69.9%
Guys escape jail, then go back, then escape.Prison Break
69.1%
Serial killer murders villains, obeys Code of Harry.Dexter
69.1%
Two families of four merge, pose on staircase.The Brady Bunch
67.3%
Awkward NBC comedy head writer produces SNL rip-off.30 Rock
66.7%
Daffy redhead annoys and charms her Cuban husband.I Love Lucy
65.1%
Tortured housewife deals with in-laws across the street.Everybody Loves Raymond
63.5%
Advertising moguls get drunk, argue, and sleep around.Mad Men
61%
Albuquerque chemistry teacher dealing with cancer sells drugs.Breaking Bad
54.3%
Salesman marries secretary; boss yearns for HR rep.The Office
51.3%
Omniscient blogger describes lives of privileged young Manhattanites.Gossip Girl
44.9%

You're not logged in!

Compare scores with friends on all Sporcle quizzes.
Join for Free
OR
Log In

You Might Also Like...

Show Comments

Extras

Top Quizzes Today


Score Distribution

Your Account Isn't Verified!

In order to create a playlist on Sporcle, you need to verify the email address you used during registration. Go to your Sporcle Settings to finish the process.

Report this User

Report this user for behavior that violates our Community Guidelines.

Details: